000 00552nam a2200169 a 4500
005 20140412111330.0
008 030110s19uu xx 00 eng d
020 _a0-02-274918-7
050 _aTR(PS E
_bBi48 1991
100 _aHiscock, Bruce
245 _aBig tree (The) /
_cwritten and illustrated by Bruce Hiscock.
260 _aNew York :
_bMacmillan/McGraw-Hill School Publishing Comp,
_c1991.
300 _a1 v. (unp.) ; ill.
650 _aTrees--Fiction
_xStudy and teaching
650 _aPlants--Fiction
_xStudy and teaching
999 _c104857
_d104857